| 000 | 00394nam a22001697a 4500 | ||
|---|---|---|---|
| 005 | 20260508155345.0 | ||
| 008 | 160530b xxu||||| |||| 00| 0 eng d | ||
| 020 | _a978-81-7758-850-7 | ||
| 041 | _aeng | ||
| 082 | _a659.1 | ||
| 100 |
_aBatra, Rajeev and others _91548 |
||
| 245 | _aAdvertising Management | ||
| 260 |
_bPearsons _c2009 |
||
| 300 | _a750 | ||
| 650 | _aManagement | ||
| 942 | _cBK | ||
| 999 |
_c2186 _d2185 |
||